Score 0/28 Timer 06:00
0 Plays Today
Old Country Name Country % Correct
PersiaIran
98.8%
BurmaMyanmar
94.1%
SiamThailand
83.4%
CeylonSri Lanka
80.5%
Belgian CongoDemocratic Republic Of Congo
75.7%
Southern RhodesiaZimbabwe
75.1%
British HondurasBelize
75.1%
British GuianaGuyana
70.4%
Dutch East IndiesIndonesia
70.4%
Dutch GuianaSuriname
69.2%
South West AfricaNamibia
69.2%
Northern RhodesiaZambia
64.5%
French SomalilandDjibouti
62.7%
AbyssiniaEthiopia
60.9%
Old Country Name Country % Correct
FormosaTaiwan
59.8%
TanganyikaTanzania
59.8%
British Gold CoastGhana
55%
French Equatorial AfricaChad
50.9%
Upper VoltaBurkina Faso
47.9%
Gilbert IslandsKiribati
47.3%
Malagasy RepublicMadagascar
47.3%
French SudanMali
43.8%
BechuanalandBotswana
37.9%
NyasalandMalawi
37.9%
DahomeyBenin
36.1%
BasutolandLesotho
34.9%
New HebridesVanuatu
27.8%
Ellice IslandsTuvalu
27.2%
Remove Ads.
Support Sporcle.
Get the best of Sporcle when you Go Orange. This ad-free experience offers more features, more stats, and more fun while also helping to support Sporcle. Thank you for becoming a member.

You're not logged in!

Compare scores with friends on all Sporcle quizzes.
OR
Log In

Show Comments

Extras

Created Nov 13, 2010ReportNominate
Tags:Country Quiz, Modern

Top Quizzes Today


Score Distribution

Your Account Isn't Verified!

In order to create a playlist on Sporcle, you need to verify the email address you used during registration. Go to your Sporcle Settings to finish the process.

Report this User

Report this user for behavior that violates our Community Guidelines.

Details: